000 00737nam a2200241Ia 4500
003 OSt
005 20220926015014.0
006 a|||||r|||| 00| 0
007 ta
008 220923b |||||||| |||| 00| 0 eng d
037 _cGeneral Book
040 _aRTL
_cRTL
_beng
041 _2eng
_aeng
082 _aX:575-74.730m3.N38<--M80, J9
100 _aMintz Ilse
245 0 _aTrade balances during business cycles
_b U S and Bri
260 _aNew York
_bNBER
_c1959
300 _ax, 99p
_ccm.
490 _aNational Bureau of Economic Research, Occasional Paper, 67
500 _aAppendix: P 91-99
942 _hX:575-74.730m3.N38<--M80, J9
_cGB
_2CC
999 _c630360
_d630360